000 00822nam a2200229 a 4500
001 16403
003 CO-ViMGA
005 20230915224337.0
008 141112s2004 ck r 000 u spa d
020 _a9583003727
040 _aCO-ViMGA
_bspa
_cCO-ViMGA
082 _a398.209861
_bM476m
100 1 _aSilva, Fabio, comp.; Nieto, Eric
_94172
245 1 0 _aMitos y leyendas Colombianos
260 _aBogotá :
_bPanAméricana,
_c112.p.il.
300 _aBiblioteca de temas Colombianos
505 _aMitos y leyendas de la zona Andina Mitos y leyendas de la zona Atlántica Mitos y leyendas de los Llanos y la Amazonía Mitos y leyendas de la zona Pacífica
590 _aForma de adquisición : Premio - Mincultura
650 1 4 _aLEYENDAS COLOMBIANAS
_93172
650 1 4 _aMITOLOGIA COLOMBIANA
942 _2ddc
_cBK
_n0
999 _c11536
_d11536